| 000 | 00660nam a2200181Ia 4500 | ||
|---|---|---|---|
| 008 | 090630s9999 xx 000 0 und d | ||
| 082 | _b3173 | ||
| 100 | _aदांडेकर गो. नि. | ||
| 245 |
_aशिवतिर्थ रायगड. _cदांडेकर गो. नि. |
||
| 260 |
_bकुलाबा जिल्हा परिषद. _c1965 |
||
| 300 | _a159 | ||
| 600 | _aदांडेकर गो. नि. | ||
| 630 | _aशिवतिर्थ रायगड. | ||
| 655 | _aप्रवास. | ||
| 700 | _aदांडेकर गो. नि. | ||
| 730 | _aशिवतिर्थ रायगड. | ||
| 942 | _cBOOK | ||
| 999 |
_c255029 _d255029 |
||